000 00320nam a2200133Ia 4500
008 150301s2014 xx 000 0 und d
082 _a610.732
_bF14S
100 _aSAINI, PARVESH
245 _aFIRST-AID & EMERGENCY MANAGEMENT
260 _bLOTOUS PUB.
_c2014
300 _a224
650 _aFIRST AID
942 _2ddc
_cBK
999 _c6778
_d6778